| 000 -LEADER |
| fixed length control field |
00395nam a22001457a 4500 |
| 008 - FIXED-LENGTH DATA ELEMENTS--GENERAL INFORMATION |
| fixed length control field |
210121b ||||| |||| 00| 0 eng d |
| 082 00 - DEWEY DECIMAL CLASSIFICATION NUMBER |
| Classification number |
621.381076 |
| Item number |
B87717 |
| 100 ## - MAIN ENTRY--PERSONAL NAME |
| 9 (RLIN) |
4382 |
| Personal name |
Brown, Clement |
| 245 10 - TITLE STATEMENT |
| Title |
Questions and answers on electronics |
| 260 ## - PUBLICATION, DISTRIBUTION, ETC. (IMPRINT) |
| Place of publication, distribution, etc |
London |
| Name of publisher, distributor, etc |
George Newnes Ltd. |
| Date of publication, distribution, etc |
1967 |
| 300 ## - PHYSICAL DESCRIPTION |
| Extent |
112 p. |
| 365 ## - TRADE PRICE |
| Unit of pricing |
9.00 |
| 650 #0 - SUBJECT ADDED ENTRY--TOPICAL TERM |
| Topical term or geographic name as entry element |
Electronics |
| 942 ## - ADDED ENTRY ELEMENTS (KOHA) |
| Item type |
Books |